000 00840nam a22002177a 4500
999 _c21331
_d21331
003 AR-CdUCM
008 190304b ||||| |||| 00| 0 spa d
040 _aMUNICIPALIDAD PROVINCIAL DEL CUSCO
_cBIBLIOTECA MUNICIPAL DEL CUSCO
082 _a372.4/E93
_bE93
100 _aEstrada Chacón, Lid Haydeé
_944491
245 _aLa familia y el colegio construyen una vida /
260 _aCusco ;
_bAguilar,
_c2018.
300 _a153 páginas ;
_c20 cm.
505 _aContenido: Hablemos de nosotros -- La educación afectiva -- La convivencia humana -- Hablemos de la labor educativa -- Acciones en la labor educativa -- Hablemos de la familia.
650 _aEducación familiar
_944492
650 _aEducación afectiva
_944493
650 _aEducación
_9460
650 _aConvivencia humana
_944494
942 _2ddc
_cLIBROS
945 _aRoel